Reneé Rapp - Gemini Moon lyrics - Statistics

General Stats
  • This quiz has been taken 57 times
  • The average score is 172 of 219
Answer Stats
Answer % Correct
i
97%
you
97%
a
94%
First Verse Never
94%
never
94%
so
94%
gemini
91%
in
91%
me
91%
moon
91%
the
91%
to
91%
you're
91%
be
88%
bet
88%
it
88%
know
88%
am
85%
could
85%
i'm
85%
of
85%
sick
85%
better
82%
blame
82%
but
82%
get
82%
how
82%
my
82%
not
82%
or
82%
always
79%
just
79%
kid
79%
more
79%
now
79%
passenger
79%
perfect
79%
should
79%
come
76%
driver
76%
feeling
76%
gonna
76%
love
76%
on
76%
pick
76%
problem
76%
this
76%
we
76%
who
76%
believe
73%
bored
73%
fucking
73%
insecure
73%
make
73%
really
73%
side
73%
doesn't
70%
hope
70%
cinnamon
67%
heaven
67%
high
67%
low
67%
shit
67%
sour
67%
then
67%
we're
67%
met
64%
swingin'
64%
talk
64%
yesterday
64%
bite
61%
day
61%
different
61%
every
61%
exist
61%
moving
61%
run
61%
was
61%
lemons
58%
tongue
58%
pendulum
52%
ah
48%
myself
45%
line
42%
smile
42%
down
39%
Second Verse memorizing
39%
avoid
36%
some
36%
time
36%
breaking
33%
buy
33%
beds
30%
compatibility
30%
mm
30%
signs
30%
No matching quizzes found
Score Distribution
Percent of People with Each Score
Percentile by Number Answered
Your Score History
You have not taken this quiz